| 000 | 00652nam a2200241 a 4500 | ||
|---|---|---|---|
| 001 | BRCA_4120 | ||
| 005 | 20190320204542.0 | ||
| 008 | 120410s1783----enk#######---#000-0#eng-# | ||
| 041 | _aeng | ||
| 044 | _aenk | ||
| 050 | 4 |
_aE18 _b.R63 1783 |
|
| 100 | 1 |
_aRobertson, William _910653 |
|
| 245 | 1 | 0 |
_aThe History of America _cWilliam Robertson. |
| 250 | _a4 | ||
| 260 |
_aLondon _bW. Strahan _c1783 |
||
| 300 |
_a3 v. _c22 cm. |
||
| 500 | _aIncluye notas de ilustraciones e índice alfabético | ||
| 500 | _aC148 | ||
| 651 | 4 |
_aAmérica _xDescubrimiento y exploración _9584 |
|
| 651 | 4 |
_aAmérica _xHistoria _92377 |
|
| 902 | _aGFM | ||
| 942 |
_2lcc _cB |
||
| 999 |
_c3836 _d3836 |
||